Сочинения в двух томах (Запис № 386142)

МАРК-запис
000 -Лідер
fixed length control field 00668nam a22002417a 4500
001 - Контрольний номер
control field 99903
003 - Ідентифікатор контрольного номера
control field UA-OsUOA
005 - Дата та час останнього входження (трансакції)
control field 20220714135849.0
007 - Фіксоване поле фізичного опису
fixed length control field ta
008 - Елементи даних фіксованої довжини – загальна інформація
fixed length control field 20130520b un ||||| |||| 00| 0 ukr d
040 ## - Джерело каталогізації
Агенція оригінальної каталогізації UA-OsUOA
Мова каталогізації rus
Агенція, яка здійснювала перезапис UA-OsUOA
Агенція, яка здійснювала модифікацію UA-OsUOA
041 ## - Код мови
Код мови тексту/ звукової доріжки чи окремого заголовка (П) rus
080 ## - Індекс Універсальної десяткової класифікації
Індекс Універсальної десяткової класифікації (УДК) (НП) 821.161.1
090 ## - Локальний шифр розміщення
Класифікаційний індекс УДК 821.161.1
Авторський знак (НП) У93
100 ## - Основне введення – ім’я особи
Ім’я особи (НП) Ушаков Н.
245 ## - Відомості про назву
Назва (НП) Сочинения в двух томах
260 ## - Публікація, розповсюдження і т.п. (Вихідні дані)
Місце публікації, розповсюдження і т.п. (П) К.
Ім’я/ наймення видавництва, розповсюджувача і т.п. (П) Дніпро
Дата публікації, розповсюдження і т.п. (П) 1979
300 ## - Фізичний опис
Обсяг 389 с.
505 ## - Форматована примітка про зміст
Змішана інформація т. 2
Назва Стихотворения и переводы
650 #7 - Додаткове предметне введення – тематичний термін
Тематичний термін чи географічна назва, як елемент введення (НП) 82 Література. Літературознавство
Джерело заголовка чи терміна UDC
942 ## - Додаткові елементи входу (Коха)
Тип елемента Koha Книги
Source of classification or shelving scheme Universal Decimal Classification
955 ## - Код типу видання за змістом
Код типу видання за змістом (НП) Навчальні видання
Фонди
Стан вилучень Стан втрат Джерело класифікації або схеми стелажів Стан уражень Не для кредиту Постійне місце розташування Поточне розміщення Дата придбання Інвентарний номер Усього замовленно Повний номер виклику Штрих-код Дата останнього перегляду Ціна ефективна від Тип елемента Koha
    Universal Decimal Classification     АБ - Абонемент НБ АБ - Абонемент НБ 20/05/2013 44601   821.161.1 У93 44601 28/04/2022 20/05/2013 Книги